000 00605nam a22002297a 4500
003 OSt
005 20140310181707.0
008 121123t xxu||||| |||| 00| 0 eng d
020 _a0451523512
050 _aPR 4567
_b.D548 1998
082 _aCLA D55o
_b1998
100 _aDickens, Charles
_93381
245 _aOliver Twist /
_cCharles Dickens.
260 _aNew York:
_bPenguin Books,
_c1961.
300 _g17cm.
_a472 p. :
541 _j1
562 _e1
650 _aOrphans--Fiction
650 _aCriminals
_xFiction
_93556
650 _aBildungsromance
_93557
942 _2lcc
_cBBK
_kCLA
999 _c1373
_d1373